000
00257nam a2200109Ia 4500
008
200302s9999 xx 000 0 und d
100
_a
Minas Kosmidis
245
_a
Coffee Shop
260
_b
Design Media Publishing (UK) Ltd.,
260
_c
2014
300
_a
223
999
_c
6178
_d
6178